Top 15 dei paesi con decessi Covid-19 - 5 luglio - Statistics

Statistiche generali
  • Questo quiz è stato fatto 5 volte
  • Il punteggio medio è 9 su 19
Statistiche sulle risposte
nazione % Corretto
Brasile
80%
Francia
80%
Germania
80%
Italia
80%
Regno Unito
80%
Russia
80%
Spagna
80%
Stati Uniti
80%
Canada
60%
India
60%
Messico
60%
Irlanda
40%
Cile
20%
Perù
20%
Svezia
20%
Belgio
0%
Ecuador
0%
Iran
0%
Paesi Bassi
0%
Nessun quiz corrispondente trovato
Distribuzione punteggi
Percentuale di utenti per punteggio
Percentile per numero di risposta
I tuoi punteggi nel tempo
Non hai fatto questo quiz